Statistics for South Africa Country Quiz

Click here to take the quiz!

General Stats

  • This quiz has been taken 23,210 times
    (14,267 since last reset)
  • The average score is 20 of 28

Answer Stats

Clue Answer % Correct
Capital citiesCape Town
96%
Largest cityJohannesburg
96%
Former president (1994-1999)Nelson Mandela
95%
Most-spoken languagesEnglish
91%
Bordering countryLesotho
91%
Capital citiesPretoria
90%
Bordering countryZimbabwe
88%
Period of racial segregationApartheid
87%
Bordering countryNamibia
87%
Bordering countryEswatini
86%
Most-spoken languagesAfrikaans
85%
Bordering countryBotswana
85%
Bordering countryMozambique
85%
Not actually the southernmost pointCape of {Good} {Hope}
84%
2010 World Cup noisemakersVuvuzela
71%
Capital citiesBloemfontein
70%
Most-spoken languagesZulu
68%
CurrencyRand
58%
Nobel Prize winning bishopDesmond Tutu
58%
Rugby union team nickname
(Hint: antelope)
{Springbok}s
57%
Largest desertKalahari
54%
Group of people descended from
Dutch settlers
{Boer}s
54%
Island prison where the above once livedRobben Island
48%
Ruling political partyAfrican National Congress
43%
Most-spoken languagesXhosa
43%
Company that once controlled over 90%
of diamond trade worldwide
De Beers
41%
Former president (2009-2018)Jacob Zuma
38%
Longest riverOrange
30%

Score Distribution

Percentile by Number Answered

Percent of People with Each Score

Your Score History

You have not taken this quiz since the last reset